[Event "English Schools Championship Final 2024"]
[Site "Nottingham University Kings Meadow Campus, United Kingdom"]
[Date "2024.06.28"]
[Round "4.18"]
[White "Banerji, Kumar"]
[Black "Chetverikov, Ivan"]
[Result "1-0"]
[TimeControl "G50' + 10\" per move."]
[WhiteFideId "459666"]
[BlackFideId "458554"]
[WhiteElo "1847"]
[BlackElo "1760"]

1. e4 {[%emt 00:59:29]} c5 {[%clk 00:49:58]} {[%emt 00:00:21]} 2. Nf3 {[%clk
00:50:15]} {[%emt 00:00:13]} d6 {[%clk 00:49:56]} {[%emt 00:00:12]} 3. d4
{[%clk 00:50:02]} {[%emt 00:00:23]} cxd4 {[%clk 00:49:57]} {[%emt 00:00:09]} 4.
Nxd4 {[%clk 00:50:05]} {[%emt 00:00:07]} Nf6 {[%clk 00:50:01]} {[%emt
00:00:07]} 5. Nc3 {[%clk 00:50:10]} {[%emt 00:00:05]} a6 {[%clk 00:50:05]}
{[%emt 00:00:05]} 6. Be2 {[%clk 00:49:28]} {[%emt 00:00:52]} b5 {[%clk
00:49:37]} {[%emt 00:00:38]} 7. Be3 {[%clk 00:44:16]} {[%emt 00:05:22]} Bb7
{[%clk 00:49:11]} {[%emt 00:00:35]} 8. Bf3 {[%clk 00:44:05]} {[%emt 00:00:22]}
Qc7 {[%clk 00:47:32]} {[%emt 00:01:49]} 9. g4 {[%clk 00:42:49]} {[%emt
00:01:26]} e6 {[%clk 00:44:21]} {[%emt 00:03:21]} 10. a3 {[%clk 00:39:25]}
{[%emt 00:03:34]} Nc6 {[%clk 00:41:26]} {[%emt 00:03:05]} 11. Nxc6 {[%clk
00:37:53]} {[%emt 00:01:42]} Bxc6 {[%clk 00:40:26]} {[%emt 00:01:10]} 12. Bg2
{[%clk 00:30:51]} {[%emt 00:07:12]} Qb7 {[%clk 00:37:53]} {[%emt 00:02:43]} 13.
f3 {[%clk 00:29:47]} {[%emt 00:01:14]} O-O-O {[%clk 00:31:52]} {[%emt
00:06:11]} 14. Qe2 {[%clk 00:23:11]} {[%emt 00:06:47]} Be7 {[%clk 00:25:58]}
{[%emt 00:06:03]} 15. Rd1 {[%clk 00:21:57]} {[%emt 00:01:25]} d5 {[%clk
00:20:02]} {[%emt 00:06:05]} 16. exd5 {[%clk 00:17:42]} {[%emt 00:04:25]} Nxd5
{[%clk 00:16:35]} {[%emt 00:03:37]} 17. Nxd5 {[%clk 00:17:46]} {[%emt
00:00:06]} Bxd5 {[%clk 00:16:34]} {[%emt 00:00:11]} 18. O-O {[%clk 00:16:40]}
{[%emt 00:01:16]} Bc4 {[%clk 00:15:34]} {[%emt 00:01:10]} 19. Qf2 {[%clk
00:15:51]} {[%emt 00:00:59]} Bxf1 {[%clk 00:14:47]} {[%emt 00:00:57]} 20. Rxf1
{[%clk 00:15:34]} {[%emt 00:00:27]} Qb8 {[%clk 00:08:13]} {[%emt 00:06:44]} 21.
f4 {[%clk 00:12:52]} {[%emt 00:02:52]} Rd7 {[%clk 00:05:09]} {[%emt 00:03:15]}
22. Qf3 {[%clk 00:12:20]} {[%emt 00:00:42]} Rc7 {[%clk 00:04:19]} {[%emt
00:00:59]} 23. f5 {[%clk 00:08:29]} {[%emt 00:04:02]} Bc5 {[%clk 00:03:56]}
{[%emt 00:00:32]} 24. fxe6 {[%clk 00:08:11]} {[%emt 00:00:28]} fxe6 {[%clk
00:03:24]} {[%emt 00:00:42]} 25. Bxc5 {[%clk 00:06:05]} {[%emt 00:02:16]} Rxc5
{[%clk 00:03:32]} {[%emt 00:00:01]} 26. Qf7 {[%clk 00:04:54]} {[%emt 00:01:22]}
Qb6 {[%clk 00:03:24]} {[%emt 00:00:18]} 27. Kh1 {[%clk 00:04:58]} {[%emt
00:00:06]} Rc7 {[%clk 00:03:21]} {[%emt 00:00:12]} 28. Qf3 {[%clk 00:04:57]}
{[%emt 00:00:12]} Ra7 {[%clk 00:02:29]} {[%emt 00:01:02]} 29. Qe4 {[%clk
00:03:55]} {[%emt 00:01:13]} h6 {[%clk 00:01:54]} {[%emt 00:00:44]} 30. Rf3
{[%clk 00:03:51]} {[%emt 00:00:13]} Rd8 {[%clk 00:00:54]} {[%emt 00:01:11]} 31.
Rc3+ {[%clk 00:02:50]} {[%emt 00:01:11]} Kb8 {[%clk 00:00:46]} {[%emt
00:00:18]} 32. Bf3 {[%clk 00:02:39]} {[%emt 00:00:21]} Rdd7 {[%clk 00:00:24]}
{[%emt 00:00:32]} 33. Rc6 {[%clk 00:02:16]} {[%emt 00:00:33]} Qf2 {[%clk
00:00:13]} {[%emt 00:00:21]} 34. Qf4+ {[%clk 00:01:09]} {[%emt 00:01:17]} Rac7
{[%clk 00:00:23]} {[%emt 00:01:48]} 35. Qf8+ {[%clk 00:02:07]} {[%emt
00:01:06]} Ka7 {[%clk 00:00:31]} {[%emt 00:00:02]} 36. Qa8+ {[%clk 00:02:07]}
{[%emt 00:00:10]} Kxa8 {[%clk 00:00:29]} {[%emt 00:00:11]} 37. Rxa6+ {[%clk
00:02:16]} {[%emt 00:00:02]} 1-0

[Event "English Schools Championship Final 2024"]
[Site "Nottingham University Kings Meadow Campus, United Kingdom"]
[Date "2024.06.28"]
[Round "4.19"]
[White "Korshunov, Sergey"]
[Black "Yoon, Jacob D"]
[Result "1-0"]
[TimeControl "G50' + 10\" per move."]
[WhiteFideId "34274715"]
[BlackFideId "446076"]
[WhiteElo "2328"]
[BlackElo "2279"]

1. e4 {[%clk 00:50:18]} g6 {[%clk 00:50:17]} {[%emt 00:00:04]} 2. d4 {[%clk
00:50:21]} {[%emt 00:00:08]} Bg7 {[%clk 00:50:23]} {[%emt 00:00:03]} 3. Nc3
{[%clk 00:50:17]} {[%emt 00:00:14]} d6 {[%clk 00:50:29]} {[%emt 00:00:05]} 4.
Be3 {[%clk 00:50:23]} {[%emt 00:00:03]} a6 {[%clk 00:50:35]} {[%emt 00:00:05]}
5. h4 {[%clk 00:50:28]} {[%emt 00:00:04]} h6 {[%clk 00:50:43]} {[%emt
00:00:03]} 6. Qd2 {[%clk 00:50:31]} {[%emt 00:00:07]} b5 {[%clk 00:50:49]}
{[%emt 00:00:03]} 7. O-O-O {[%clk 00:50:30]} {[%emt 00:00:11]} Bb7 {[%clk
00:50:56]} {[%emt 00:00:03]} 8. f3 {[%clk 00:50:35]} {[%emt 00:00:05]} Nd7
{[%clk 00:51:04]} {[%emt 00:00:02]} 9. Kb1 {[%clk 00:49:06]} {[%emt 00:01:39]}
e6 {[%clk 00:51:08]} {[%emt 00:00:06]} 10. Nh3 {[%clk 00:47:59]} {[%emt
00:01:17]} Ne7 {[%clk 00:51:13]} {[%emt 00:00:05]} 11. Nf2 {[%clk 00:46:43]}
{[%emt 00:01:26]} Nb6 {[%clk 00:51:19]} {[%emt 00:00:05]} 12. a3 {[%clk
00:44:03]} {[%emt 00:02:50]} Qd7 {[%clk 00:47:23]} {[%emt 00:04:05]} 13. g4
{[%clk 00:36:54]} {[%emt 00:07:19]} Rc8 {[%clk 00:41:34]} {[%emt 00:05:59]} 14.
d5 {[%clk 00:30:11]} {[%emt 00:06:53]} exd5 {[%clk 00:32:06]} {[%emt 00:09:38]}
15. Bd4 {[%clk 00:29:53]} {[%emt 00:00:29]} O-O {[%clk 00:29:35]} {[%emt
00:02:40]} 16. Bxg7 {[%clk 00:29:20]} {[%emt 00:00:43]} Kxg7 {[%clk 00:29:43]}
{[%emt 00:00:03]} 17. g5 {[%clk 00:28:52]} {[%emt 00:00:38]} h5 {[%clk
00:27:11]} {[%emt 00:02:42]} 18. Bh3 {[%clk 00:28:34]} {[%emt 00:00:27]} Qd8
{[%clk 00:24:33]} {[%emt 00:02:48]} 19. exd5 {[%clk 00:27:05]} {[%emt
00:01:40]} Nbxd5 {[%clk 00:24:40]} {[%emt 00:00:03]} 20. Nfe4 {[%clk 00:23:59]}
{[%emt 00:03:15]} f5 {[%clk 00:19:09]} {[%emt 00:05:41]} 21. gxf6+ {[%clk
00:23:41]} {[%emt 00:00:28]} Nxf6 {[%clk 00:19:15]} {[%emt 00:00:04]} 22. Ng5
{[%clk 00:23:24]} {[%emt 00:00:27]} Qe8 {[%clk 00:17:28]} {[%emt 00:01:57]} 23.
Ne6+ {[%clk 00:23:12]} {[%emt 00:00:22]} Kh7 {[%clk 00:17:34]} {[%emt
00:00:04]} 24. Nxf8+ {[%clk 00:23:07]} {[%emt 00:00:16]} Qxf8 {[%clk 00:17:41]}
{[%emt 00:00:02]} 25. Bxc8 {[%clk 00:22:55]} {[%emt 00:00:22]} Qxc8 {[%clk
00:17:49]} {[%emt 00:00:02]} 26. Rde1 {[%clk 00:22:10]} {[%emt 00:00:55]} Nf5
{[%clk 00:17:55]} {[%emt 00:00:05]} 27. Ne4 {[%clk 00:21:56]} {[%emt 00:00:24]}
Nxe4 {[%clk 00:15:06]} {[%emt 00:02:59]} 28. fxe4 {[%clk 00:21:57]} {[%emt
00:00:08]} Ng3 {[%clk 00:15:05]} {[%emt 00:00:11]} 29. Rhg1 {[%clk 00:21:12]}
{[%emt 00:00:54]} Nxe4 {[%clk 00:15:06]} {[%emt 00:00:09]} 30. Qf4 {[%clk
00:21:11]} {[%emt 00:00:09]} Qe6 {[%clk 00:11:28]} {[%emt 00:03:51]} 31. Rgf1
{[%clk 00:20:26]} {[%emt 00:00:55]} Bd5 {[%clk 00:11:08]} {[%emt 00:00:30]} 32.
Re3 {[%clk 00:19:48]} {[%emt 00:00:48]} Qe5 {[%clk 00:09:43]} {[%emt 00:01:35]}
33. Qxe5 {[%clk 00:19:35]} {[%emt 00:00:23]} dxe5 {[%clk 00:09:49]} {[%emt
00:00:04]} 34. Rfe1 {[%clk 00:19:18]} {[%emt 00:00:27]} Nd2+ {[%clk 00:09:56]}
{[%emt 00:00:03]} 35. Kc1 {[%clk 00:19:19]} {[%emt 00:00:08]} Nc4 {[%clk
00:10:05]} {[%emt 00:00:02]} 36. Rd3 {[%clk 00:19:22]} {[%emt 00:00:07]} c6
{[%clk 00:10:04]} {[%emt 00:00:12]} 37. b3 {[%clk 00:19:27]} {[%emt 00:00:05]}
Nxa3 {[%clk 00:07:55]} {[%emt 00:02:19]} 38. Kb2 {[%clk 00:19:21]} {[%emt
00:00:15]} b4 {[%clk 00:08:01]} {[%emt 00:00:04]} 39. c4 {[%clk 00:19:18]}
{[%emt 00:00:13]} Be6 {[%clk 00:07:10]} {[%emt 00:01:01]} 40. Rxe5 {[%clk
00:19:16]} {[%emt 00:00:12]} Bf5 {[%clk 00:07:18]} {[%emt 00:00:02]} 41. Re7+
{[%clk 00:19:20]} {[%emt 00:00:06]} Kh6 {[%clk 00:07:24]} {[%emt 00:00:04]} 42.
Rd8 {[%clk 00:19:27]} {[%emt 00:00:03]} 1-0

[Event "English Schools Championship Final 2024"]
[Site "Nottingham University Kings Meadow Campus, United Kingdom"]
[Date "2024.06.28"]
[Round "4.20"]
[White "Pichugov, Andrey"]
[Black "Solodko, Nikolai"]
[Result "1-0"]
[TimeControl "G50' + 10\" per move."]
[WhiteFideId "490075"]
[BlackFideId "343401589"]
[WhiteElo "2029"]
[BlackElo "1524"]

1. d4 {[%clk 00:50:18]} Nf6 {[%clk 00:50:07]} {[%emt 00:00:14]} 2. Bf4 {[%clk
00:50:23]} {[%emt 00:00:05]} d5 {[%clk 00:49:57]} {[%emt 00:00:20]} 3. e3
{[%clk 00:50:32]} {[%emt 00:00:01]} Bf5 {[%clk 00:49:02]} {[%emt 00:01:05]} 4.
c4 {[%clk 00:50:40]} {[%emt 00:00:02]} c6 {[%clk 00:46:37]} {[%emt 00:02:36]} 5.
Qb3 {[%clk 00:49:48]} {[%emt 00:01:00]} Qb6 {[%clk 00:45:56]} {[%emt 00:00:52]}
6. c5 {[%clk 00:49:44]} {[%emt 00:00:14]} Qxb3 {[%clk 00:45:26]} {[%emt
00:00:40]} 7. axb3 {[%clk 00:49:53]} {[%emt 00:00:01]} Nbd7 {[%clk 00:44:00]}
{[%emt 00:01:36]} 8. b4 {[%clk 00:49:30]} {[%emt 00:00:32]} Nh5 {[%clk
00:39:46]} {[%emt 00:04:25]} 9. Bc7 {[%clk 00:49:39]} {[%emt 00:00:01]} Rc8
{[%clk 00:39:28]} {[%emt 00:00:28]} 10. Rxa7 {[%clk 00:49:46]} {[%emt
00:00:02]} Bxb1 {[%clk 00:38:53]} {[%emt 00:00:45]} 11. Rxb7 {[%clk 00:49:41]}
{[%emt 00:00:16]} Ra8 {[%clk 00:35:39]} {[%emt 00:03:24]} 12. Be2 {[%clk
00:48:37]} {[%emt 00:01:14]} Ra1 {[%clk 00:31:04]} {[%emt 00:04:46]} 13. Kd2
{[%clk 00:44:47]} {[%emt 00:03:59]} Nhf6 {[%clk 00:20:56]} {[%emt 00:10:18]} 14.
f3 {[%clk 00:44:37]} {[%emt 00:00:19]} Bg6 {[%clk 00:17:51]} {[%emt 00:03:15]}
15. b5 {[%clk 00:43:46]} {[%emt 00:01:01]} Ne4+ {[%clk 00:10:58]} {[%emt
00:07:04]} 16. fxe4 {[%clk 00:43:32]} {[%emt 00:00:23]} Nf6 {[%clk 00:10:00]}
{[%emt 00:01:08]} 17. Bf3 {[%clk 00:35:06]} {[%emt 00:08:36]} Nxe4+ {[%clk
00:07:48]} {[%emt 00:02:23]} 18. Ke2 {[%clk 00:34:40]} {[%emt 00:00:36]} cxb5
{[%clk 00:07:19]} {[%emt 00:00:38]} 19. c6 {[%clk 00:33:32]} {[%emt 00:01:18]}
f6 {[%clk 00:05:25]} {[%emt 00:02:05]} 20. Rb8+ {[%clk 00:16:09]} {[%emt
00:17:31]} Kf7 {[%clk 00:05:28]} {[%emt 00:00:08]} 21. Rxb5 {[%clk 00:15:32]}
{[%emt 00:00:47]} Ra2 {[%clk 00:04:27]} {[%emt 00:01:12]} 22. Bxe4 {[%clk
00:14:56]} {[%emt 00:00:46]} Bxe4 {[%clk 00:04:27]} {[%emt 00:00:10]} 23. Nf3
{[%clk 00:14:59]} {[%emt 00:00:05]} e6 {[%clk 00:04:21]} {[%emt 00:00:18]} 24.
Rb7 {[%clk 00:14:48]} {[%emt 00:00:20]} Kg6 {[%clk 00:02:48]} {[%emt 00:01:44]}
25. Rb8 {[%clk 00:14:48]} {[%emt 00:00:09]} Rg8 {[%clk 00:02:13]} {[%emt
00:00:47]} 26. Rc1 {[%clk 00:14:03]} {[%emt 00:00:54]} Kf7 {[%clk 00:02:03]}
{[%emt 00:00:20]} 27. Bg3 {[%clk 00:13:31]} {[%emt 00:00:42]} Bf5 {[%clk
00:01:31]} {[%emt 00:00:42]} 28. c7 {[%clk 00:13:11]} {[%emt 00:00:29]} e5
{[%clk 00:01:13]} {[%emt 00:00:29]} 29. Rb7 {[%clk 00:13:19]} {[%emt 00:00:02]}
Be7 {[%clk 00:01:13]} {[%emt 00:00:10]} 30. dxe5 {[%clk 00:13:17]} {[%emt
00:00:11]} Rc8 {[%clk 00:01:01]} {[%emt 00:00:23]} 31. Rb8 {[%clk 00:13:00]}
{[%emt 00:00:27]} Ba3 {[%clk 00:00:51]} {[%emt 00:00:20]} 32. e6+ {[%clk
00:12:08]} {[%emt 00:01:02]} Bxe6 {[%clk 00:00:55]} {[%emt 00:00:06]} 33. Rc2
{[%clk 00:11:27]} {[%emt 00:00:51]} Ke7 {[%clk 00:00:38]} {[%emt 00:00:27]} 34.
Nd4 {[%clk 00:11:33]} {[%emt 00:00:03]} Bd7 {[%clk 00:00:40]} {[%emt 00:00:08]}
35. Rxc8 {[%clk 00:11:32]} {[%emt 00:00:12]} Bxc8 {[%clk 00:00:45]} {[%emt
00:00:05]} 36. bxa3 {[%clk 00:11:33]} {[%emt 00:00:08]} Rxa3 {[%clk 00:00:53]}
{[%emt 00:00:02]} 37. Bd6+ {[%clk 00:11:34]} {[%emt 00:00:10]} Kd7 {[%clk
00:00:59]} {[%emt 00:00:04]} 38. Bxa3 {[%clk 00:11:41]} {[%emt 00:00:02]} 1-0

[Event "English Schools Championship Final 2024"]
[Site "Nottingham University Kings Meadow Campus, United Kingdom"]
[Date "2024.06.28"]
[Round "4.21"]
[White "Kent, Rowan"]
[Black "Pushyna, Platon"]
[Result "0-1"]
[TimeControl "G50' + 10\" per move."]
[WhiteFideId "460931"]
[BlackFideId "343422314"]
[WhiteElo "1713"]
[BlackElo "1909"]

1. e4 {[%clk 00:50:17]} {[%emt 00:00:05]} e6 {[%clk 00:49:00]} {[%emt
00:01:19]} 2. d4 {[%clk 00:50:21]} {[%emt 00:00:06]} d5 {[%clk 00:49:04]}
{[%emt 00:00:06]} 3. exd5 {[%clk 00:50:26]} {[%emt 00:00:05]} exd5 {[%clk
00:48:24]} {[%emt 00:00:50]} 4. Bf4 {[%clk 00:50:31]} {[%emt 00:00:04]} Nf6
{[%clk 00:48:17]} {[%emt 00:00:17]} 5. Bd3 {[%clk 00:50:11]} {[%emt 00:00:31]}
Bd6 {[%clk 00:47:59]} {[%emt 00:00:28]} 6. Bxd6 {[%clk 00:50:11]} {[%emt
00:00:11]} Qxd6 {[%clk 00:48:01]} {[%emt 00:00:08]} 7. c3 {[%clk 00:49:59]}
{[%emt 00:00:22]} O-O {[%clk 00:47:51]} {[%emt 00:00:19]} 8. Ne2 {[%clk
00:46:37]} {[%emt 00:03:32]} Bg4 {[%clk 00:47:09]} {[%emt 00:00:51]} 9. O-O
{[%clk 00:45:17]} {[%emt 00:01:31]} Nbd7 {[%clk 00:46:58]} {[%emt 00:00:21]} 10.
Qc2 {[%clk 00:44:04]} {[%emt 00:01:24]} Bh5 {[%clk 00:45:37]} {[%emt 00:01:30]}
11. Ng3 {[%clk 00:42:19]} {[%emt 00:01:55]} Bg6 {[%clk 00:45:40]} {[%emt
00:00:07]} 12. Nd2 {[%clk 00:41:04]} {[%emt 00:01:25]} Rfe8 {[%clk 00:44:12]}
{[%emt 00:01:37]} 13. Rfe1 {[%clk 00:40:01]} {[%emt 00:01:14]} c6 {[%clk
00:44:03]} {[%emt 00:00:19]} 14. Nf3 {[%clk 00:39:12]} {[%emt 00:00:59]} Bxd3
{[%clk 00:39:33]} {[%emt 00:04:40]} 15. Qxd3 {[%clk 00:39:10]} {[%emt
00:00:12]} h6 {[%clk 00:39:37]} {[%emt 00:00:06]} 16. Rad1 {[%clk 00:37:22]}
{[%emt 00:01:58]} Re6 {[%clk 00:37:08]} {[%emt 00:02:39]} 17. Rxe6 {[%clk
00:34:58]} {[%emt 00:02:34]} Qxe6 {[%clk 00:32:21]} {[%emt 00:04:57]} 18. Re1
{[%clk 00:34:51]} {[%emt 00:00:17]} Qd6 {[%clk 00:32:03]} {[%emt 00:00:28]} 19.
h3 {[%clk 00:32:45]} {[%emt 00:02:16]} b5 {[%clk 00:30:14]} {[%emt 00:02:00]}
20. Nf5 {[%clk 00:29:08]} {[%emt 00:03:47]} Qc7 {[%clk 00:30:07]} {[%emt
00:00:16]} 21. Re7 {[%clk 00:27:21]} {[%emt 00:01:57]} Qf4 {[%clk 00:21:11]}
{[%emt 00:09:06]} 22. N3h4 {[%clk 00:20:14]} {[%emt 00:07:17]} g6 {[%clk
00:17:07]} {[%emt 00:04:15]} 23. Qg3 {[%clk 00:11:32]} {[%emt 00:08:51]} Qxg3
{[%clk 00:11:38]} {[%emt 00:05:39]} 24. Nxg3 {[%clk 00:10:15]} {[%emt
00:01:27]} Kf8 {[%clk 00:11:42]} {[%emt 00:00:06]} 25. Re3 {[%clk 00:09:31]}
{[%emt 00:00:54]} Ne8 {[%clk 00:11:30]} {[%emt 00:00:23]} 26. Nf3 {[%clk
00:08:19]} {[%emt 00:01:22]} Nd6 {[%clk 00:11:38]} {[%emt 00:00:02]} 27. b3
{[%clk 00:08:18]} {[%emt 00:00:10]} a5 {[%clk 00:10:59]} {[%emt 00:00:48]} 28.
Nd2 {[%clk 00:05:59]} {[%emt 00:02:30]} Nf6 {[%clk 00:10:29]} {[%emt 00:00:41]}
29. a3 {[%clk 00:05:25]} {[%emt 00:00:44]} Ra7 {[%clk 00:10:12]} {[%emt
00:00:27]} 30. f3 {[%clk 00:04:58]} {[%emt 00:00:37]} Kg7 {[%clk 00:10:09]}
{[%emt 00:00:13]} 31. Kf2 {[%clk 00:04:55]} {[%emt 00:00:12]} Nfe8 {[%clk
00:09:58]} {[%emt 00:00:21]} 32. Ne2 {[%clk 00:04:28]} {[%emt 00:00:37]} f5
{[%clk 00:09:45]} {[%emt 00:00:23]} 33. Nf4 {[%clk 00:04:25]} {[%emt 00:00:13]}
g5 {[%clk 00:09:13]} {[%emt 00:00:43]} 34. Ne6+ {[%clk 00:04:29]} {[%emt
00:00:06]} Kf6 {[%clk 00:09:16]} {[%emt 00:00:06]} 35. Nc5 {[%clk 00:04:15]}
{[%emt 00:00:24]} Ng7 {[%clk 00:09:11]} {[%emt 00:00:15]} 36. Nd3 {[%clk
00:03:24]} {[%emt 00:01:01]} Nf7 {[%clk 00:08:41]} {[%emt 00:00:40]} 37. Ne5
{[%clk 00:03:08]} {[%emt 00:00:27]} Nxe5 {[%clk 00:08:46]} {[%emt 00:00:05]} 38.
Rxe5 {[%clk 00:03:16]} {[%emt 00:00:01]} Ne6 {[%clk 00:08:45]} {[%emt
00:00:12]} 39. g3 {[%clk 00:03:15]} {[%emt 00:00:11]} b4 {[%clk 00:08:33]}
{[%emt 00:00:22]} 40. axb4 {[%clk 00:02:41]} {[%emt 00:00:43]} axb4 {[%clk
00:08:38]} {[%emt 00:00:05]} 41. cxb4 {[%clk 00:02:33]} {[%emt 00:00:19]} Nxd4
{[%clk 00:08:43]} {[%emt 00:00:05]} 42. Re8 {[%clk 00:02:35]} {[%emt 00:00:07]}
Ra2 {[%clk 00:08:00]} {[%emt 00:00:54]} 43. Ke3 {[%clk 00:02:32]} {[%emt
00:00:12]} Nc2+ {[%clk 00:07:48]} {[%emt 00:00:37]} 44. Kd3 {[%clk 00:02:25]}
{[%emt 00:01:04]} Nxb4+ {[%clk 00:09:47]} {[%emt 00:00:08]} 45. Kc3 {[%clk
00:02:33]} {[%emt 00:00:02]} c5 {[%clk 00:09:03]} {[%emt 00:00:55]} 46. Nb1
{[%clk 00:01:29]} {[%emt 00:01:13]} Rc2# {[%clk 00:09:06]} {[%emt 00:00:07]}
0-1

[Event "English Schools Championship Final 2024"]
[Site "Nottingham University Kings Meadow Campus, United Kingdom"]
[Date "2024.06.28"]
[Round "4.22"]
[White "Gupta, Leonardo"]
[Black "Korchagina, Polina"]
[Result "1/2-1/2"]
[TimeControl "G50' + 10\" per move."]
[WhiteFideId "343430988"]
[BlackFideId "14174537"]
[WhiteElo "1617"]
[BlackElo "1732"]

1. e4 {[%clk 00:49:11]} {[%emt 00:01:09]} c5 {[%clk 00:50:16]} {[%emt
00:00:04]} 2. Nc3 {[%clk 00:48:31]} {[%emt 00:00:48]} Nc6 {[%clk 00:50:02]}
{[%emt 00:00:25]} 3. f4 {[%clk 00:48:03]} {[%emt 00:00:39]} e6 {[%clk
00:47:58]} {[%emt 00:02:13]} 4. Nf3 {[%clk 00:47:55]} {[%emt 00:00:18]} Be7
{[%clk 00:46:45]} {[%emt 00:01:23]} 5. g3 {[%clk 00:44:58]} {[%emt 00:03:07]}
b6 {[%clk 00:45:52]} {[%emt 00:01:03]} 6. Bg2 {[%clk 00:44:21]} {[%emt
00:00:47]} Bb7 {[%clk 00:45:56]} {[%emt 00:00:06]} 7. d3 {[%clk 00:44:00]}
{[%emt 00:00:31]} Nf6 {[%clk 00:42:12]} {[%emt 00:03:54]} 8. e5 {[%clk
00:42:25]} {[%emt 00:01:46]} Nd5 {[%clk 00:42:06]} {[%emt 00:00:16]} 9. Nxd5
{[%clk 00:40:50]} {[%emt 00:01:45]} exd5 {[%clk 00:42:12]} {[%emt 00:00:04]} 10.
O-O {[%clk 00:40:39]} {[%emt 00:00:19]} d6 {[%clk 00:41:54]} {[%emt 00:00:29]}
11. Re1 {[%clk 00:40:05]} {[%emt 00:00:44]} dxe5 {[%clk 00:41:03]} {[%emt
00:01:02]} 12. Nxe5 {[%clk 00:38:46]} {[%emt 00:01:29]} Nxe5 {[%clk 00:34:36]}
{[%emt 00:06:37]} 13. fxe5 {[%clk 00:38:00]} {[%emt 00:00:56]} Qd7 {[%clk
00:32:13]} {[%emt 00:02:32]} 14. Qh5 {[%clk 00:34:26]} {[%emt 00:03:45]} O-O
{[%clk 00:30:30]} {[%emt 00:01:53]} 15. Bf4 {[%clk 00:27:12]} {[%emt 00:07:23]}
d4 {[%clk 00:26:24]} {[%emt 00:04:17]} 16. Bxb7 {[%clk 00:26:04]} {[%emt
00:01:18]} Qxb7 {[%clk 00:26:25]} {[%emt 00:00:08]} 17. Qg4 {[%clk 00:25:15]}
{[%emt 00:01:00]} Qc8 {[%clk 00:23:47]} {[%emt 00:02:48]} 18. e6 {[%clk
00:20:18]} {[%emt 00:05:07]} fxe6 {[%clk 00:19:58]} {[%emt 00:03:59]} 19. Qxe6+
{[%clk 00:20:06]} {[%emt 00:00:22]} Qxe6 {[%clk 00:19:55]} {[%emt 00:00:13]} 20.
Rxe6 {[%clk 00:20:08]} {[%emt 00:00:07]} Bf6 {[%clk 00:20:01]} {[%emt
00:00:05]} 21. Rae1 {[%clk 00:19:34]} {[%emt 00:00:43]} Kf7 {[%clk 00:20:01]}
{[%emt 00:00:10]} 22. Kg2 {[%clk 00:17:18]} {[%emt 00:02:27]} Rfe8 {[%clk
00:19:37]} {[%emt 00:00:34]} 23. R6e4 {[%clk 00:15:57]} {[%emt 00:01:31]} Rxe4
{[%clk 00:16:22]} {[%emt 00:03:25]} 24. Rxe4 {[%clk 00:16:00]} {[%emt
00:00:06]} a6 {[%clk 00:16:06]} {[%emt 00:00:26]} 25. Kf3 {[%clk 00:14:27]}
{[%emt 00:01:44]} h5 {[%clk 00:14:26]} {[%emt 00:01:50]} 26. Be5 {[%clk
00:11:50]} {[%emt 00:02:47]} Bxe5 {[%clk 00:13:28]} {[%emt 00:01:07]} 27. Rxe5
{[%clk 00:11:54]} {[%emt 00:00:06]} g6 {[%clk 00:13:32]} {[%emt 00:00:07]} 28.
Ke4 {[%clk 00:10:43]} {[%emt 00:01:20]} Kf6 {[%clk 00:12:12]} {[%emt 00:01:31]}
29. h4 {[%clk 00:10:32]} {[%emt 00:00:20]} Rd8 {[%clk 00:09:21]} {[%emt
00:03:01]} 30. a4 {[%clk 00:09:48]} {[%emt 00:00:53]} a5 {[%clk 00:08:34]}
{[%emt 00:00:58]} 31. Kf4 {[%clk 00:07:24]} {[%emt 00:02:34]} Rc8 {[%clk
00:06:55]} {[%emt 00:01:49]} 32. Re4 {[%clk 00:06:44]} {[%emt 00:00:50]} Rd8
{[%clk 00:06:33]} {[%emt 00:00:32]} 33. Re5 {[%clk 00:06:14]} {[%emt 00:00:41]}
Rc8 {[%clk 00:06:31]} {[%emt 00:00:12]} 34. Re4 {[%clk 00:06:08]} {[%emt
00:00:16]} Rd8 {[%clk 00:06:29]} {[%emt 00:00:11]} 1/2-1/2